[Event "Mittelfrank Regionalliga Sud-West 2223"]
[Site "Mittelfranken"]
[Date "2022.10.09"]
[Round "1.2"]
[White "Schmid, Peter4444"]
[Black "Riewe, Gerhard"]
[Result "1/2-1/2"]
[WhiteElo "2074"]
[BlackElo "2067"]
[PlyCount "80"]
[EventDate "2022.10.09"]
[EventType "team-tourn"]
[EventRounds "9"]
[EventCountry "GER"]
[SourceTitle "EXT 2024"]
[Source "ChessBase"]
[SourceDate "2023.10.10"]
[SourceVersion "1"]
[SourceVersionDate "2023.10.10"]
[SourceQuality "1"]
[WhiteTeam "Kempten"]
[BlackTeam "Bayern Muenchen IV"]
[WhiteTeamCountry "GER"]
[BlackTeamCountry "GER"]

1. e4 e6 2. d4 d5 3. Nc3 Nf6 4. Bg5 dxe4 5. Nxe4 Be7 6. Bxf6 Bxf6 7. Nf3 Bd7 8. Bd3 Bc6 9. c3 Nd7 10. Qe2 Qe7 11. 0-0 Bxe4 12. Bxe4 c6 13. Rfe1 0-0 14. Rad1 Rad8 15. Qc2 g6 16. Qa4 Ra8 17. Qb3 Nb6 18. c4 Qc7 19. a4 Rad8 20. a5 Nd7 21. Qa3 c5 22. d5 exd5 23. Bxd5 Rfe8 24. b4 b6 25. axb6 axb6 26. b5 Ne5 27. g3 Kg7 28. Kg2 h5 29. Nxe5 Bxe5 30. Re2 Bd4 31. Rde1 Rxe2 32. Rxe2 Rd7 33. Qf3 Re7 34. Rxe7 Qxe7 35. Qe4 Qd7 36. h3 Bf6 37. Qf4 Bd8 38. Qe4 Bc7 39. h4 Bd8 40. Qf4 Bc7 1/2-1/2

[Event "Regionalliga SW 1415"]
[Site "Bayern"]
[Date "2014.12.07"]
[Round "4.3"]
[White "Schleich, Theodor"]
[Black "Riewe, Gerhard"]
[Result "1-0"]
[WhiteElo "1936"]
[BlackElo "2025"]
[PlyCount "135"]
[EventDate "2014.10.19"]
[EventType "team-tourn"]
[EventRounds "9"]
[EventCountry "GER"]
[SourceTitle "EXT 2018"]
[Source "ChessBase"]
[SourceDate "2017.10.13"]
[SourceVersion "1"]
[SourceVersionDate "2017.10.13"]
[SourceQuality "1"]
[WhiteTeam "Muenchen Siemens"]
[BlackTeam "Bayern Muenchen III"]
[WhiteTeamCountry "GER"]
[BlackTeamCountry "GER"]

1. d4 d5 2. Bg5 Nf6 3. e3 e6 4. Bd3 c5 5. c3 Nc6 6. Nf3 Be7 7. Nbd2 0-0 8. Qe2 b6 9. 0-0 Bb7 10. Ne5 Nxe5 11. dxe5 Nd7 12. Bxe7 Qxe7 13. f4 f6 14. exf6 Rxf6 15. e4 Qf7 16. Nf3 Qh5 17. Qe3 dxe4 18. Bxe4 Bxe4 19. Qxe4 Qd5 20. Ng5 Nf8 21. Rad1 Qxe4 22. Nxe4 Rf5 23. g4 Rd5 24. c4 Rd4 25. Rxd4 cxd4 26. Rd1 Rd8 27. Kf2 Ng6 28. Kg3 e5 29. fxe5 Nxe5 30. b3 Nc6 31. Ng5 Re8 32. Kf2 Rf8+ 33. Ke2 Re8+ 34. Kd2 Re5 35. Nf3 Re4 36. h3 Rf4 37. Ke2 Re4+ 38. Kf2 Rf4 39. Re1 Rf6 40. Re4 h6 41. Ke2 Kh7 42. Nxd4 Nxd4+ 43. Rxd4 Re6+ 44. Kd2 Rf6 45. Kc3 Kg6 46. b4 Rf2 47. c5 Kf7 48. c6 Ke7 49. b5 Rf3+ 50. Rd3 Rf2 51. Rd7+ Ke8 52. Rxa7 Kd8 53. a4 Rf1 54. Rxg7 Ra1 55. Ra7 Kc8 56. Kb2 Re1 57. Kc3 Ra1 58. Kd4 Rb1 59. Ke5 Rb3 60. h4 Rh3 61. Kf5 Rh1 62. g5 Rxh4 63. g6 Rh1 64. g7 Rf1+ 65. Kg6 Rg1+ 66. Kh7 Kb8 67. Rb7+ Ka8 68. g8Q+ 1-0

[Event "Regionalliga SW 1213"]
[Site "Bayern"]
[Date "2012.10.14"]
[Round "1.7"]
[White "Mattes, Heinz"]
[Black "Riewe, Gerhard"]
[Result "0-1"]
[WhiteElo "1955"]
[BlackElo "2058"]
[PlyCount "110"]
[EventDate "2012.10.14"]
[EventType "team-tourn"]
[EventRounds "9"]
[EventCountry "GER"]
[SourceTitle "EXT 2015"]
[Source "ChessBase"]
[SourceDate "2014.11.20"]
[SourceVersion "1"]
[SourceVersionDate "2014.11.20"]
[SourceQuality "1"]
[WhiteTeam "Muenchen Siemens"]
[BlackTeam "Bayern Muenchen III"]
[WhiteTeamCountry "GER"]
[BlackTeamCountry "GER"]

1. d4 d5 2. Nf3 Nf6 3. e3 e6 4. Bd3 c5 5. b3 Nc6 6. Nbd2 cxd4 7. exd4 Bd7 8. Bb2 Rc8 9. a3 Qb6 10. 0-0 Be7 11. c4 0-0 12. c5 Qc7 13. Ne5 Nxe5 14. dxe5 Ne8 15. b4 a5 16. Qe2 axb4 17. axb4 b6 18. Rfc1 bxc5 19. bxc5 Bxc5 20. Nb3 Qb6 21. Nxc5 Rxc5 22. Ba3 Rxc1+ 23. Rxc1 g6 24. Bxf8 Kxf8 25. Qc2 Qd4 26. Qc5+ Qxc5 27. Rxc5 Ng7 28. Bb5 Bxb5 29. Rxb5 h5 30. h3 Nf5 31. g4 hxg4 32. hxg4 Nd4 33. Rb8+ Kg7 34. Kg2 Nc6 35. Rb6 Nxe5 36. Kg3 g5 37. Rb8 Ng6 38. Rb7 Nf4 39. Kf3 Kf6 40. Ra7 Nd3 41. Kg3 Nc5 42. Rc7 Ne4+ 43. Kf3 Nd6 44. Rc1 Ke5 45. Rc7 f6 46. Ra7 Ne4 47. Ra8 Nc5 48. Ra5 Nd3 49. Ra6 Nf4 50. Ra8 Ng6 51. Ra7 Nh4+ 52. Kg3 Ng6 53. Kf3 f5 54. Rf7 Nh4+ 55. Ke3 fxg4 0-1

[Event "Oberliga Nord W 0405"]
[Site "Germany"]
[Date "2005.04.10"]
[Round "9.5"]
[White "Riewe, Gerhard"]
[Black "Wittje, Berthold"]
[Result "1/2-1/2"]
[WhiteElo "2099"]
[BlackElo "2257"]
[PlyCount "70"]
[EventDate "2004.10.24"]
[EventType "team-tourn"]
[EventRounds "9"]
[EventCountry "GER"]
[SourceTitle "EXT 2006"]
[Source "ChessBase"]
[SourceDate "2005.11.24"]
[SourceVersion "1"]
[SourceVersionDate "2005.11.24"]
[SourceQuality "1"]
[WhiteTeam "Delmenhorst"]
[BlackTeam "Oldenburg Union"]
[WhiteTeamCountry "GER"]
[BlackTeamCountry "GER"]

1. e4 Nf6 2. Nc3 d5 3. e5 Ne4 4. Nxe4 dxe4 5. d4 exd3 6. Qxd3 Qxd3 7. Bxd3 Nc6 8. f4 f6 9. exf6 exf6 10. Bd2 Bg4 11. h3 Bh5 12. g4 Bf7 13. Nf3 0-0-0 14. 0-0 Nb4 15. Bf5+ Kb8 16. a3 Nd5 17. Rad1 Bc5+ 18. Kg2 Ne3+ 19. Bxe3 Bxe3 20. Kg3 g6 21. Rxd8+ Rxd8 22. Re1 Bc5 23. Be6 Be8 24. f5 a5 25. Re2 Bb5 26. Rd2 Rxd2 27. Nxd2 Bc6 28. Bg8 gxf5 29. Bxh7 fxg4 30. hxg4 a4 31. Kf4 b5 32. Ne4 Bd4 33. c3 Be5+ 34. Ke3 Kc8 35. g5 fxg5 1/2-1/2

[Event "Oberliga Nord W 0001"]
[Site "Germany"]
[Date "2001.04.01"]
[Round "8.3"]
[White "Heinemann, Dieter"]
[Black "Riewe, Gerhard"]
[Result "1-0"]
[WhiteElo "2281"]
[BlackElo "2058"]
[PlyCount "103"]
[EventDate "2000.10.15"]
[EventType "team"]
[EventRounds "9"]
[EventCountry "GER"]
[SourceTitle "EXT 2003"]
[Source "ChessBase"]
[SourceDate "2002.11.25"]
[SourceVersion "1"]
[SourceVersionDate "2002.11.25"]
[SourceQuality "1"]
[WhiteTeam "Bremen Nord"]
[BlackTeam "Delmenhorst II"]
[WhiteTeamCountry "GER"]
[BlackTeamCountry "GER"]

1. Nf3 Nf6 2. g3 g6 3. b3 Bg7 4. Bb2 d5 5. Bg2 0-0 6. 0-0 c5 7. c4 e6 8. cxd5 Nxd5 9. Bxg7 Kxg7 10. Nc3 Nc6 11. Nxd5 Qxd5 12. Qc2 Rb8 13. Qb2+ Kg8 14. Rfd1 Nd4 15. Nxd4 Qxd4 16. Qxd4 cxd4 17. Rac1 b6 18. Rc7 a5 19. Ra7 Rd8 20. Rc1 e5 21. Rcc7 Be6 22. Bb7 Rd6 23. Ba6 Re8 24. Bc4 Bxc4 25. bxc4 Rf6 26. Rd7 Rc8 27. d3 Rcc6 28. f3 Kg7 29. Kf2 Rcd6 30. Re7 Rde6 31. Rac7 Kf8 32. Red7 Ke8 33. Rd5 h5 34. a4 g5 35. Rc8+ Ke7 36. Rh8 h4 37. gxh4 gxh4 38. Rh5 e4 39. Rxd4 e3+ 40. Kg2 Rg6+ 41. Rg4 Rxg4+ 42. fxg4 Kd6 43. Kf3 Rf6+ 44. Kxe3 Rf1 45. Rxh4 Ra1 46. g5 Ke6 47. Rh6+ Kf5 48. Rxb6 Rxa4 49. Rf6+ Kxg5 50. Rxf7 Ra1 51. Ra7 a4 52. Kd4 1-0

[Event "JBLN West 0001 "]
[Site "Germany"]
[Date "2001.03.17"]
[Round "?"]
[White "Riewe, Gerhard"]
[Black "Koelln, Rasmus"]
[Result "1-0"]
[WhiteElo "2058"]
[BlackElo "1914"]
[PlyCount "29"]
[EventDate "2000.??.??"]
[EventType "team"]
[EventRounds "9"]
[EventCountry "GER"]
[SourceTitle "EXT 2003"]
[Source "ChessBase"]
[SourceDate "2002.11.25"]
[SourceVersion "1"]
[SourceVersionDate "2002.11.25"]
[SourceQuality "1"]

1. e4 g6 2. d4 Bg7 3. c3 d6 4. f4 Nc6 5. Nf3 Bg4 6. Bd3 e5 7. fxe5 dxe5 8. d5 Nce7 9. 0-0 f5 10. Qb3 fxe4 11. Bxe4 Nf6 12. Nxe5 Be2 13. Rf2 Ba6 14. d6 Rf8 15. d7+ 1-0

[Event "JBLN West 0001 "]
[Site "Germany"]
[Date "2001.02.25"]
[Round "?"]
[White "Riewe, Gerhard"]
[Black "Keuntje, Christopher"]
[Result "1/2-1/2"]
[WhiteElo "2058"]
[BlackElo "1660"]
[PlyCount "39"]
[EventDate "2000.??.??"]
[EventType "team"]
[EventRounds "9"]
[EventCountry "GER"]
[SourceTitle "EXT 2003"]
[Source "ChessBase"]
[SourceDate "2002.11.25"]
[SourceVersion "1"]
[SourceVersionDate "2002.11.25"]
[SourceQuality "1"]

1. e4 e6 2. d4 d5 3. exd5 exd5 4. Bd3 Bd6 5. Nf3 Ne7 6. 0-0 c6 7. Re1 Bg4 8. Bg5 Nd7 9. Nbd2 f6 10. Bh4 0-0 11. Bg3 Bxg3 12. hxg3 Nb6 13. c3 Bf5 14. Nf1 Bxd3 15. Qxd3 Ng6 16. Re2 Qd7 17. Rae1 Rae8 18. Rxe8 Rxe8 19. Rxe8+ Qxe8 20. Ne3 1/2-1/2

[Event "Oberliga Nord W 0001"]
[Site "Germany"]
[Date "2000.11.12"]
[Round "2.4"]
[White "Panskus, Martin"]
[Black "Riewe, Gerhard"]
[Result "0-1"]
[WhiteElo "2156"]
[BlackElo "2058"]
[PlyCount "100"]
[EventDate "2000.10.15"]
[EventType "team"]
[EventRounds "9"]
[EventCountry "GER"]
[SourceTitle "EXT 2003"]
[Source "ChessBase"]
[SourceDate "2002.11.25"]
[SourceVersion "1"]
[SourceVersionDate "2002.11.25"]
[SourceQuality "1"]
[WhiteTeam "Bad Harzburg"]
[BlackTeam "Delmenhorst II"]
[WhiteTeamCountry "GER"]
[BlackTeamCountry "GER"]

1. e4 e6 2. d4 d5 3. e5 c5 4. c3 Nc6 5. Nf3 Qb6 6. a3 Bd7 7. b4 cxb4 8. cxb4 f6 9. Bb2 fxe5 10. dxe5 g6 11. Nc3 Bg7 12. Nb5 Nh6 13. Nd6+ Ke7 14. Qd2 Nf7 15. Qf4 Nfxe5 16. Nxe5 Nxe5 17. Bxe5 Bxe5 18. Qxe5 Rhf8 19. Ne4 dxe4 20. 0-0-0 Qc6+ 21. Kb1 Rac8 22. Bc4 Rf5 23. Qg7+ Rf7 24. Qd4 Qxc4 25. Qxd7+ Kf8 26. Qd6+ Kg8 27. Rc1 Qd3+ 28. Ka1 Qxa3+ 29. Kb1 Rxc1+ 30. Rxc1 Qd3+ 31. Qxd3 exd3 32. f3 Rd7 33. Rc8+ Kf7 34. Kc1 d2+ 35. Kd1 a6 36. f4 h5 37. h4 b5 38. g3 Rd4 39. Rc6 Rxb4 40. Rxa6 Rb3 41. Rb6 Rxg3 42. Rxb5 Rf3 43. Rb4 Rf2 44. Re4 Rh2 45. Ra4 Kf6 46. Ra8 Rxh4 47. Kxd2 Rxf4 48. Ke3 e5 49. Ra6+ Kf5 50. Ra1 h4 0-1

[Event "Wilhelm Werner Memorial-M 24th"]
[Site "Bockenem"]
[Date "1999.05.16"]
[Round "7"]
[White "Riewe, Gerhard"]
[Black "Gjokaj, Gjon"]
[Result "1-0"]
[WhiteElo "1836"]
[BlackElo "2211"]
[PlyCount "89"]
[EventDate "1999.05.??"]
[EventType "tourn"]
[EventRounds "7"]
[EventCountry "GER"]
[SourceTitle "EXT 2008"]
[Source "ChessBase"]
[SourceDate "2007.11.25"]
[SourceVersion "1"]
[SourceVersionDate "2007.11.25"]
[SourceQuality "1"]

1. e4 c6 2. d4 d5 3. exd5 cxd5 4. Bd3 Nc6 5. c3 Nf6 6. h3 g6 7. Nf3 Bg7 8. Bf4 0-0 9. Nbd2 Bf5 10. Bxf5 gxf5 11. 0-0 e6 12. Ne5 Nd7 13. Ndf3 Ndxe5 14. Nxe5 f6 15. Nxc6 bxc6 16. Re1 Re8 17. Qd2 e5 18. Bh6 f4 19. Bxg7 Kxg7 20. f3 Qd6 21. Qd3 Re7 22. Re2 Rae8 23. Rae1 Qe6 24. dxe5 fxe5 25. Rxe5 Qxe5 26. Rxe5 Rxe5 27. Qd4 R8e7 28. Qxf4 Re2 29. Qb4 R7e6 30. Qd4+ Kg8 31. Qxa7 Rxb2 32. Qd7 Ree2 33. Qg4+ Kf8 34. a4 h5 35. Qg6 Ra2 36. f4 Ke7 37. f5 Rf2 38. Qg7+ Ke8 39. f6 Rae2 40. Qg8+ Kd7 41. f7 Rxg2+ 42. Qxg2 Rxg2+ 43. Kxg2 Ke7 44. a5 c5 45. a6 1-0

[Event "Wilhelm Werner Memorial-M 24th"]
[Site "Bockenem"]
[Date "1999.05.14"]
[Round "4"]
[White "Wiege, Gerald"]
[Black "Riewe, Gerhard"]
[Result "1/2-1/2"]
[WhiteElo "2028"]
[BlackElo "1836"]
[PlyCount "68"]
[EventDate "1999.05.??"]
[EventType "tourn"]
[EventRounds "7"]
[EventCountry "GER"]
[SourceTitle "EXT 2008"]
[Source "ChessBase"]
[SourceDate "2007.11.25"]
[SourceVersion "1"]
[SourceVersionDate "2007.11.25"]
[SourceQuality "1"]

1. d4 d5 2. Nf3 Nf6 3. e3 e6 4. Bd3 c5 5. c3 Nc6 6. Nbd2 Bd7 7. 0-0 Bd6 8. dxc5 Bxc5 9. e4 dxe4 10. Nxe4 Nxe4 11. Bxe4 Qc7 12. Bg5 h6 13. Bc1 0-0-0 14. b4 Bd6 15. Qe2 f5 16. Bxc6 Qxc6 17. Be3 Kb8 18. Bd4 Rhg8 19. a4 Rc8 20. Rfd1 Qe4 21. Qxe4 fxe4 22. Ne5 Be8 23. Bxa7+ Kxa7 24. Rxd6 Rxc3 25. Rxe6 Kb8 26. b5 Rc2 27. h3 Rf8 28. f3 exf3 29. Nxf3 Kc8 30. Ra3 Bh5 31. Rd3 Rd8 32. Rxd8+ Kxd8 33. b6 Be8 34. a5 Ra2 1/2-1/2